[Event "GER-ch U20"]
[Site "Leipzig"]
[Date "1995.??.??"]
[Round "8"]
[White "Jugelt, Tobias"]
[Black "Hausrath, Daniel"]
[Result "1/2-1/2"]
[WhiteElo "2280"]
[BlackElo "2370"]

1.d4 Nf6 2.Nf3 g6 3.c4 Bg7 4.Nc3 O-O 5.e4 d6 6.Be2 e5 7.dxe5 dxe5 8.Qxd8 Rxd8
9.Be3 c6 10.h3 Re8 11.O-O Na6 12.Rfd1 Nh5 13.Ne1 Nf4 14.Bf1 Ne6 15.Nc2 f5
16.f3 f4 17.Bf2 Bf8 18.Rab1 Nb4 19.Nxb4 Bxb4 20.Na4 b6 21.a3 Be7 22.b4 Rd8
23.Rxd8+ Nxd8 24.Nc3 Ne6 25.a4 g5 26.b5 Bd7 27.bxc6 Bxc6 28.Nd5 Bf8 29.Ra1 Nc5
30.a5 Nb3 31.Ra2 bxa5 32.Nc7 Rc8 33.Nb5 a6 34.Na7 Rc7 35.Nxc6 Rxc6 36.c5 Nxc5
37.Rxa5 Kf7 38.Kh2 Kf6 39.Bxc5 Bxc5 40.Rxa6 Bb6 41.Bb5 Rd6 42.Bc4 Ke7 43.Bb5 h5
44.Be2 h4 45.Ra1 Rd2 46.Bb5 Rc2  1/2-1/2

[Event "GER-ch U20"]
[Site "Leipzig"]
[Date "1995.??.??"]
[Round "9"]
[White "Parulava, Temur"]
[Black "Jugelt, Tobias"]
[Result "0-1"]
[WhiteElo "2285"]
[BlackElo "2280"]

1.d4 g6 2.c4 Bg7 3.Nc3 d6 4.e4 Nf6 5.Nf3 O-O 6.Be2 e5 7.d5 a5 8.h3 Nh5 9.g3 Na6
10.Be3 Bd7 11.Nd2 Nf6 12.g4 Nc5 13.Qc2 Ne8 14.O-O-O c6 15.Nb3 Nxb3+ 16.Qxb3 Qc7
17.c5 a4 18.Nxa4 Rxa4 19.Qxa4 cxd5 20.Qc2 d4 21.Bg5 f6 22.Bd2 dxc5 23.Bc4+ Kh8
24.f4 exf4 25.Rdf1 g5 26.h4 Qe5 27.Ba5 h6 28.Bd5 Nd6 29.Bc7 Rc8 30.Bxd6 Qxd6
31.Bxb7 Rb8 32.Bd5 Qe5 33.Rf3 Bxg4 34.Rb3 Rxb3 35.Qxb3 f3 36.Qb7 Be6 37.a4 g4
38.Bxe6 Qxe6 39.b3 Kh7 40.Rf1 f5 41.exf5 Qxf5 42.a5 d3 43.Rf2 Qe5 44.Kd1 Qa1+
45.Kd2 Qxa5+ 46.Ke3 Qe1+ 47.Kf4 Qe6 48.Rd2 h5 49.Qe4+ Qxe4+ 50.Kxe4 Bc3 51.Rd1 d2
52.Kd3 Bb4 53.Ke3 Kg6 54.Rf1 Kf5 55.Rd1 Bc3 56.Rf1 Ke5 57.Rd1 Bd4+ 58.Kxd2 g3
59.Re1+ Kf4  0-1

[Event "GER-ch U20"]
[Site "Leipzig"]
[Date "1995.??.??"]
[Round "9"]
[White "Ellers, Holger"]
[Black "Lauber, Arnd"]
[Result "1/2-1/2"]
[WhiteElo "2360"]
[BlackElo "2290"]

1.d4 Nf6 2.c4 g6 3.Nc3 Bg7 4.e4 d6 5.Be2 O-O 6.Nf3 e5 7.d5 a5 8.h3 Na6 9.Bg5 h6
10.Be3 Nh5 11.Nd2 Nf4 12.Bf1 f5 13.g3 Nxh3 14.exf5 Ng5 15.fxg6 Bf5 16.Qh5 Nb4
17.O-O-O Qf6 18.Bxg5 Qxg5 19.Qxg5 hxg5 20.Nde4 Nxa2+ 21.Nxa2 Bxe4  1/2-1/2

[Event "Lenk op"]
[Site "Lenk"]
[Date "1995.??.??"]
[Round "3"]
[White "Gheorghiu, Florin"]
[Black "Loeffler, Stefan"]
[Result "1-0"]
[WhiteElo "2475"]
[BlackElo "2415"]

1.c4 Nf6 2.Nf3 g6 3.Nc3 Bg7 4.e4 d6 5.d4 O-O 6.Be2 e5 7.Be3 Nc6 8.d5 Ne7
9.Nd2 c5 10.a3 a5 11.b4 axb4 12.axb4 Rxa1 13.Qxa1 b6 14.Nb5 Nh5 15.Bxh5 gxh5
16.Qa7 f5 17.Bg5 Bf6 18.Bh6 Bg7 19.Bxg7 Kxg7 20.O-O Rf7 21.Qb8 Rf6 22.bxc5 bxc5
23.Ra1 Rg6 24.Ra7 Kh6 25.Qc7 Qg8 26.g3 f4 27.Nf1 Rg7 28.Qxd6+ Ng6 29.Ra8 Rf7
30.Qxc5 Rf8 31.Nd6 fxg3 32.Nxg3 Nf4 33.Rxc8 Qg4 34.Nf5+ Rxf5 35.Qd6+ Ng6
36.exf5 e4 37.h4 Qd1+ 38.Kh2 Qf3 39.fxg6 Qxf2+ 40.Kh3  1-0

[Event "Leuven"]
[Site "Leuven"]
[Date "1995.??.??"]
[Round "?"]
[White "Chuchelov, Vladimir"]
[Black "Glek, Igor V"]
[Result "0-1"]
[WhiteElo "2550"]
[BlackElo "2580"]

1.d4 Nf6 2.Nf3 g6 3.c4 Bg7 4.Nc3 O-O 5.e4 d6 6.Be2 e5 7.O-O exd4 8.Nxd4 Re8
9.f3 Nc6 10.Nxc6 bxc6 11.Bg5 h6 12.Bh4 g5 13.Bf2 Nd7 14.Rc1 a5 15.b3 Qe7
16.Bd3 Nc5 17.Bb1 Ne6 18.Qd2 Bb7 19.Kh1 c5 20.Ne2 Be5 21.Be3 Kh8 22.f4 gxf4
23.Nxf4 Rg8 24.Qf2 Nxf4 25.Bxf4 Rg6 26.Bxe5+ Qxe5 27.Qh4 Qg7 28.Qe7 f6 29.Qxg7+ Kxg7
30.Rf2 Rg5 31.Rcf1 Rf8 32.a4 Bc6 33.Kg1 Be8 34.Rf4 Bg6 35.Bc2 Rf7 36.R1f2 h5
37.g3 Re5 38.Kg2 Re6 39.h4 Kf8 40.Kh3 Ke7 41.g4 Re5 42.gxh5 Bxh5 43.Rg2 Rh7
44.Rg8 Be8 45.Bd1 Rg5 46.Rxe8+ Kxe8 47.Bg4 Ke7 48.Rf1 c6 49.Bf5 Rh8 50.Bg4 Rg7
51.Kg3 Rb8 52.Rf3 d5 53.exd5 cxd5 54.cxd5 Rb4 55.Rf4 f5  0-1

[Event "Liechtenstein op"]
[Site "Liechtenstein"]
[Date "1995.??.??"]
[Round "?"]
[White "Beilfuss, Wilfried"]
[Black "Mittelberger, Peter"]
[Result "0-1"]
[WhiteElo "2260"]
[BlackElo "2225"]

1.c4 d6 2.d4 g6 3.e4 Nf6 4.Nc3 Bg7 5.Nf3 O-O 6.Be2 e5 7.O-O Nbd7 8.Qc2 c6
9.Rd1 Re8 10.d5 c5 11.g3 Nf8 12.Nh4 Bg4 13.Bxg4 Nxg4 14.h3 Nh6 15.a3 Nd7
16.Be3 f6 17.Qd2 Nf7 18.Rdc1 Nb6 19.Nd1 Qd7 20.Kh2 f5 21.f3 f4 22.gxf4 exf4
23.Bxf4 Ne5 24.Qe2 Rf8 25.Bg3 Qa4 26.Ne3 Rae8 27.Rc2 Qb3 28.Rf1 Na4 29.Ng4 b5
30.Bxe5 Rxe5 31.Ng2 Re7 32.N2e3 h5 33.Nf2 Bxb2 34.Nd3 Bd4 35.Rf2 Nc3 36.Qd2 Nxe4
37.fxe4 Rxf2+ 38.Nxf2 Qxe3 39.Qxe3 Bxe3  0-1

[Event "Liechtenstein op"]
[Site "Liechtenstein"]
[Date "1995.??.??"]
[Round "2"]
[White "Rosemann, Uwe"]
[Black "Arbakov, Valentin"]
[Result "1/2-1/2"]
[WhiteElo "2180"]
[BlackElo "2455"]

1.d4 Nf6 2.Nf3 g6 3.c4 Bg7 4.Nc3 O-O 5.e4 d6 6.Be2 Nbd7 7.O-O e5 8.Qc2 Re8
9.Rd1 h6 10.dxe5 dxe5 11.Nd5 Nh5 12.Ne1 c6 13.Bxh5 cxd5 14.Bg4 dxe4 15.Bxd7 Bxd7
16.Qxe4 Qc7 17.c5 Bc6 18.Qc4 Kh7 19.b4 Ba4 20.Rd5 Bd7 21.Rd1 Be6 22.Qc2 Red8
23.Bb2 Qc6 24.a4 a6 25.Nf3 f6 26.Nd2 b6 27.Nc4 Rxd1+ 28.Rxd1 Bxc4 29.Qxc4 Qxa4
30.Ra1 Qd7 31.c6 Qd6 32.h4 b5 33.Qc2 Qxb4 34.c7 Rc8 35.h5 Qg4 36.Rxa6 Qxh5
37.Rb6 Qf5 38.Qc6 Qb1+ 39.Bc1 Qb4 40.Be3 Qc4 41.Bc5 Qc1+ 42.Kh2 Qf4+ 43.g3 Qf5
44.Rb8 Qh5+ 45.Kg2 e4  1/2-1/2

[Event "Liechtenstein op"]
[Site "Liechtenstein"]
[Date "1995.??.??"]
[Round "4"]
[White "Rosemann, Uwe"]
[Black "Salov, Sergei"]
[Result "0-1"]
[WhiteElo "2180"]
[BlackElo "2270"]

1.d4 Nf6 2.Nf3 g6 3.c4 d6 4.Nc3 Nbd7 5.e4 e5 6.Be2 Bg7 7.O-O O-O 8.Qc2 c6
9.Rd1 exd4 10.Nxd4 Re8 11.f3 Qe7 12.Bf1 Nc5 13.b4 Ne6 14.Be3 Nh5 15.Rac1 f5
16.Qd2 f4 17.Bf2 Be5 18.b5 c5 19.Nxe6 Bxe6 20.Nd5 Qg7 21.a4 g5 22.Be2 Kh8
23.Rc2 Rg8 24.Kf1 Raf8 25.Rb1 g4 26.Rb3 g3 27.hxg3 Nxg3+ 28.Bxg3 Qxg3 29.Bd3 Qh2
30.Ke1 h5 31.Bf1 Rg3 32.Rd3 Qh4 33.Kd1 Bg8 34.Kc1 Qg5 35.Qa5 h4 36.Kb1 h3
37.gxh3 Rg1 38.Rc1 Bxd5 39.Rxd5 Rxf1 40.Rxf1 Qg2  0-1

[Event "Linares zt"]
[Site "Linares"]
[Date "1995.??.??"]
[Round "6"]
[White "Kelly, Bryan"]
[Black "Quadrio, Alexandre"]
[Result "1-0"]
[WhiteElo "2300"]
[BlackElo "2225"]

1.c4 Nf6 2.Nc3 g6 3.e4 d6 4.d4 Bg7 5.Nf3 O-O 6.Be2 e5 7.O-O exd4 8.Nxd4 Re8
9.f3 c6 10.Kh1 d5 11.exd5 cxd5 12.Bg5 Nc6 13.Rc1 Qb6 14.Ndb5 Be6 15.cxd5 Nxd5
16.Na4 Qa5 17.Nd6 Nd4 18.Nxe8 Rxe8 19.Bd2 Qd8 20.Bd3 Qh4 21.Re1 b6 22.Nc3 Nf4
23.Bxf4 Qxf4 24.Re4 Qb8 25.Ne2 Nf5 26.Nf4 Bd7 27.Rxe8+ Qxe8 28.Qd2 h5 29.Re1 Qc8
30.Nd5 Kh7 31.Bxf5 Bxf5 32.Ne7 Qc5 33.Nxf5 Qxf5 34.b3 a5 35.Qe2 b5 36.Qe4 Qc5
37.Qe2 a4 38.Rd1 axb3 39.axb3 b4 40.g3 Qc3 41.Rd3 Qc1+ 42.Qd1 Qc6 43.Kg2 Bc3
44.Rd7 Qe6 45.Rd5 Qa6 46.Qc2 Kg7 47.Rd3 Qc6 48.Qe2 Qa6 49.Re3 Qa1 50.Re7 Qb1
51.Qe6 Qc2+ 52.Kh3 Qf5+ 53.Qxf5 gxf5 54.Rb7 Kg6 55.Rb6+ f6 56.Rb5 Be1 57.Kg2 Kg5
58.Kf1 Bc3 59.f4+ Kg6 60.Ke2 h4 61.gxh4 Kh5 62.Rxf5+ Kg4 63.Rb5 Kxh4 64.Kf3 Bd2
65.Rb8 Kh5 66.Ke4  1-0

[Event "Lippstadt"]
[Site "Lippstadt"]
[Date "1995.??.??"]
[Round "9"]
[White "Hoffmann, Michael"]
[Black "Mainka, Romuald"]
[Result "0-1"]
[WhiteElo "2485"]
[BlackElo "2530"]

1.Nf3 d6 2.d4 Nf6 3.c4 g6 4.Nc3 Bg7 5.e4 O-O 6.Be2 e5 7.d5 a5 8.Bg5 h6 9.Bh4 Na6
10.Nd2 Qe8 11.O-O Bd7 12.Rb1 Nh7 13.Kh1 h5 14.f3 Bf6 15.Bf2 h4 16.b3 Bg5
17.a3 Nc5 18.Qc2 Nf6 19.b4 axb4 20.axb4 Na4 21.Nb5 Bxb5 22.cxb5 Qd7 23.Nc4 Nh5
24.Rfd1 Kg7 25.Na5 Ng3+ 26.Bxg3 hxg3 27.Bf1 Nb6 28.Rb3 Rh8 29.h3 Rab8 30.Rc3 Bd8
31.Qd2 Qe7 32.Ra1 Nd7 33.Nb3 Nf6 34.Ra7 b6 35.Nc1 Qd7 36.Rc6 Nh5 37.Nd3 Qe7
38.Kg1 Qh4 39.Qc3 Nf4 40.Nxf4 Qxf4 41.Qc1 Qxc1 42.Rxc1 Bg5 43.Rcxc7 Rbc8
44.Rc6 Bd2 45.Bd3 Bxb4 46.Kf1 Bc5 47.Ke2 Bd4 48.Kd1 Ra8 49.Ra6 Rad8 50.Bf1 f5
51.Ra7+ Kf6 52.exf5 gxf5 53.Rcc7 Ra8 54.Rf7+ Kg5 55.Bd3 Rxa7 56.Rxa7 Kf6
57.Ke2 Rc8 58.Rh7 Rc1 59.h4 Rg1 60.Rh6+ Kg7  0-1

[Event "Lippstadt"]
[Site "Lippstadt"]
[Date "1995.??.??"]
[Round "11"]
[White "Kempinski, Robert"]
[Black "Matthias, Heiner"]
[Result "0-1"]
[WhiteElo "2455"]
[BlackElo "2330"]

1.d4 d6 2.Nf3 g6 3.c4 Bg7 4.Nc3 Nf6 5.e4 O-O 6.Be2 e5 7.d5 a5 8.h3 Na6 9.Bg5 h6
10.Be3 Nc5 11.Nd2 Nh7 12.g4 c6 13.h4 Bd7 14.h5 Ng5 15.hxg6 fxg6 16.Rb1 Rc8
17.a3 cxd5 18.cxd5 b5 19.f3 Bf6 20.Nxb5 Qb6 21.Nc3 Nd3+ 22.Bxd3 Qxe3+ 23.Qe2 Qf4
24.Rf1 Nh3 25.Bb5 Bxb5 26.Nxb5 Bh4+ 27.Kd1 Qf6 28.Nc3 Nf4 29.Qh2 Rf7 30.Kc2 Rb7
31.Rh1 Bg5 32.Qf2 Qd8 33.Rhc1 Qc7 34.Qf1 Qb6 35.b3 Rxc3+ 36.Kxc3 Nxd5+ 37.Kb2 Qd4+
38.Ka2 Qxd2+ 39.Ka1 Qd4+ 40.Ka2 Bxc1 41.Qxc1 Nc3+ 42.Ka1 Ne2+  0-1

[Event "Litomysl op"]
[Site "Litomysl"]
[Date "1995.??.??"]
[Round "1"]
[White "Voloshin, Leonid"]
[Black "Helbich, Jan Jr"]
[Result "1-0"]
[WhiteElo "2435"]
[BlackElo "2135"]

1.d4 Nf6 2.c4 g6 3.Nc3 Bg7 4.e4 d6 5.Be2 O-O 6.Nf3 e5 7.dxe5 dxe5 8.Qxd8 Rxd8
9.Bg5 c6 10.Nxe5 Re8 11.O-O-O Na6 12.Nf3 Nc5 13.Nd2 h6 14.Bxf6 Bxf6 15.f3 a5
16.Nb3 Ne6 17.Na4 b6 18.g3 Rb8 19.Nc3 Bxc3 20.bxc3 a4 21.Nd4 c5 22.Nb5 Ba6
23.Rd6 Kf8 24.Rhd1 Rec8 25.f4 Bxb5 26.cxb5 c4 27.Bg4 Rc5 28.Bxe6 fxe6 29.Rxe6 Rxb5
30.Rd7 Rh5 31.h4 b5 32.Rxg6 b4 33.cxb4 Rxb4 34.f5 c3 35.Re6 Rb2 36.Ra6 Ke8
37.Rh7  1-0

[Event "Litomysl op"]
[Site "Litomysl"]
[Date "1995.??.??"]
[Round "2"]
[White "Polak, Petr"]
[Black "Folk, Petr"]
[Result "1/2-1/2"]
[WhiteElo "2085"]
[BlackElo "2295"]

1.d4 Nf6 2.Nf3 g6 3.c4 Bg7 4.Nc3 O-O 5.e4 d6 6.Be2 e5 7.d5 a5 8.Bg5 h6 9.Bh4 Na6
10.O-O Qe8 11.Nd2 Bd7 12.Rb1 Nh7 13.f3 h5 14.b3 Bh6 15.Bf2 Qe7 16.a3 Qg5
17.Rb2 Bh3 18.Bg3 Qe3+ 19.Bf2 Qg5 20.Bg3 Qe3+ 21.Bf2 Qg5  1/2-1/2

[Event "Litomysl op"]
[Site "Litomysl"]
[Date "1995.??.??"]
[Round "2"]
[White "Shtyrenkov, Veniamen"]
[Black "Karlik, Vladimir"]
[Result "1-0"]
[WhiteElo "2455"]
[BlackElo "2240"]

1.d4 Nf6 2.Nf3 g6 3.c4 Bg7 4.Nc3 O-O 5.e4 d6 6.Be2 e5 7.O-O Na6 8.Be3 Ng4
9.Bg5 Qe8 10.h3 exd4 11.Nxd4 h6 12.Bf4 Nf6 13.Bf3 Nh7 14.Re1 Ng5 15.Qd2 Nc5
16.Rad1 Qd8 17.Bg4 Bxg4 18.hxg4 Kh7 19.e5 dxe5 20.Bxe5 Re8 21.Bxg7 Kxg7 22.Rxe8 Qxe8
23.Nd5 Qd8 24.b4 Nce4 25.Qe2 Kg8 26.f3 Nd6 27.Nb5 Ne8 28.Nbxc7  1-0

[Event "Litomysl op"]
[Site "Litomysl"]
[Date "1995.??.??"]
[Round "3"]
[White "Voloshin, Leonid"]
[Black "Kalousek, Vladimir"]
[Result "1-0"]
[WhiteElo "2435"]
[BlackElo "2150"]

1.d4 Nf6 2.c4 g6 3.Nc3 Bg7 4.e4 d6 5.Be2 O-O 6.Nf3 e5 7.dxe5 dxe5 8.Qxd8 Rxd8
9.Bg5 Re8 10.Nd5 Nxd5 11.cxd5 h6 12.Be3 Bg4 13.Nd2 Bxe2 14.Kxe2 f5 15.f3 Na6
16.Rac1 f4 17.Bf2 Bf8 18.g3 g5 19.h4 Be7 20.hxg5 Bxg5 21.gxf4 Bxf4 22.Be3 Bxe3
23.Kxe3 Kh7 24.Rh5 Rad8 25.Rch1 Rd6 26.Nc4 Rf6 27.Nxe5 c6 28.Ng4 Rg6 29.Rxh6+ Rxh6
30.Rxh6+  1-0

[Event "Litomysl op"]
[Site "Litomysl"]
[Date "1995.??.??"]
[Round "4"]
[White "Krivoshey, Sergei"]
[Black "Sejkora, Vlastimil"]
[Result "1-0"]
[WhiteElo "2420"]
[BlackElo "2215"]

1.Nf3 g6 2.c4 Bg7 3.d4 Nf6 4.Nc3 d6 5.e4 O-O 6.Be2 Nbd7 7.O-O e5 8.Be3 c6
9.d5 c5 10.Ne1 Ne8 11.Nd3 a6 12.f4 exf4 13.Bxf4 b5 14.cxb5 axb5 15.Nxb5 Qb6
16.a4 Ba6 17.Nf2 Bxb2 18.Rb1 Be5 19.Bd2 Nef6 20.Qe1 Qd8 21.Bg5 Re8 22.Ng4 h5
23.Nxe5 Rxe5 24.Qh4 Kg7 25.Rf4 Rxg5 26.Qxg5 Ne5 27.Rbf1 Nfg4 28.Qxd8 Rxd8
29.h3 Ne3 30.Rc1 f5 31.exf5 Nxf5 32.Nc7 Bc8 33.a5 Nd4 34.Bf1 g5 35.Rxd4 cxd4
36.a6 Kf6 37.a7 Bb7 38.Rb1  1-0

[Event "Litomysl op"]
[Site "Litomysl"]
[Date "1995.??.??"]
[Round "5"]
[White "Marusak, Peter"]
[Black "Wieczorek, Zbigniew"]
[Result "0-1"]
[WhiteElo "2150"]
[BlackElo "2355"]

1.d4 Nf6 2.Nf3 d6 3.c4 g6 4.Nc3 Bg7 5.e4 O-O 6.Be2 e5 7.d5 a5 8.O-O Na6 9.Ne1 Nc5
10.f3 Nh5 11.Be3 f5 12.b3 Nf4 13.Kh1 b6 14.Rb1 Bd7 15.a3 Qe7 16.Nc2 fxe4
17.fxe4 Nxe2 18.Qxe2 Rxf1+ 19.Qxf1 Rf8 20.Qe1 Qf6 21.b4 axb4 22.axb4 Nd3
23.Qd2 Nf2+ 24.Kg1 Ng4 25.Bg5 Bh6 26.Bxh6 Nxh6 27.h3 Qh4 28.Qe3 g5 29.Qe1 Qf4
30.Qe3 Qf6 31.Qg3 Qg6 32.Ra1 Qf6 33.Ne3 Qf4 34.Kh2 Nf7 35.Ra7 Rc8 36.b5 h5
37.h4 g4 38.Nc2 Qf1 39.Ne3 Qf4 40.Na4 Be8 41.Nf5 Kf8 42.Qxf4 exf4 43.Nd4 Bd7
44.Nxb6 cxb6 45.Rxd7 Rxc4 46.Nf5 g3+ 47.Kh3 Rc1 48.Nxg3 Rc3 49.Rb7 Rxg3+
50.Kh2 Ne5 51.Rxb6 Ng4+ 52.Kg1 f3 53.Rxd6 Rxg2+  0-1

[Event "Litomysl op"]
[Site "Litomysl"]
[Date "1995.??.??"]
[Round "7"]
[White "Koutsin, Sergey"]
[Black "Krivoshey, Sergei"]
[Result "1-0"]
[WhiteElo "2455"]
[BlackElo "2420"]

1.d4 g6 2.c4 Bg7 3.Nc3 d6 4.Nf3 Nf6 5.e4 O-O 6.Be2 e5 7.O-O exd4 8.Nxd4 Re8
9.f3 Nbd7 10.Be3 a5 11.Ndb5 b6 12.Qd2 Nc5 13.Rfd1 Bb7 14.Bf1 Qd7 15.Re1 Re7
16.Rad1 Qe8 17.Bg5 Rc8 18.b3 Qf8 19.Qc2 h6 20.Be3 Kh7 21.a3 Rd7 22.Nd5 Ne8
23.Nbc3 Ne6 24.g3 Qh8 25.Ne2 Ra8 26.Bg2 Nf6 27.Kh1 Nxd5 28.cxd5 Nc5 29.b4 axb4
30.axb4 Na6 31.Qb3 Re7 32.Nd4 Nb8 33.Re2 Nd7 34.Rc2 Nf6 35.Kg1 Qb8 36.Rdc1 Ne8
37.Bf1 Qa7 38.Nb5 Qb8 39.Kf2 h5 40.Bg5 f6 41.Be3 Bc8 42.Nd4 Bd7 43.Bb5 Bxb5
44.Nxb5 Qc8 45.Kg2 Qa6 46.Nd4 Qa3 47.Qxa3 Rxa3 48.Bf2 Bh6 49.Rb1 Ra4 50.Rb3 Bg7
51.Be3 Ra1 52.Bf2 Kg8 53.Nc6 Rf7 54.Nd8 Re7 55.Ne6 Ra7 56.Nd4 Rf7 57.Nb5 Ra4
58.Nd4 f5 59.exf5 Bxd4 60.fxg6 Rf5 61.Bxd4 Rxd5 62.Re3 Rxd4 63.Rxe8+ Kg7
64.Rxc7+ Kxg6 65.Re6+ Kf5 66.Rh6 Raxb4 67.h4 Rd3 68.Rxh5+ Kg6 69.Rg5+ Kf6
70.f4 Rb2+ 71.Kh3 b5 72.h5 b4 73.Kg4 Rc3 74.Rg6+  1-0

[Event "Litomysl op"]
[Site "Litomysl"]
[Date "1995.??.??"]
[Round "7"]
[White "Szczesniak, Konrad"]
[Black "Majer, Jiri"]
[Result "1-0"]
[WhiteElo "2180"]
[BlackElo "2300"]

1.d4 Nf6 2.c4 g6 3.Nc3 Bg7 4.e4 d6 5.Be2 O-O 6.Nf3 e5 7.O-O exd4 8.Nxd4 Re8
9.Bf3 Nbd7 10.Re1 Ne5 11.b3 Bd7 12.Bb2 h6 13.Rc1 Nh7 14.Be2 Nf8 15.Rc2 Ne6
16.Nxe6 fxe6 17.f4 Nc6 18.Rd2 Rf8 19.e5 Rxf4 20.exd6 Bd4+ 21.Kh1 Bf2 22.Rf1 Qh4
23.Rd3 Ne5 24.Rh3 Qf6 25.Rxf2 Rf8 26.Ne4 Qf5 27.Ng3 Qf6 28.Rxf4 Qxf4 29.Bxe5 Qxe5
30.Rxh6 Qg5 31.Rh3 e5 32.dxc7 Bxh3 33.gxh3 Qe7 34.Qd5+ Kg7 35.Qxb7 Rf7 36.Ne4 Qh4
37.Ng3 Qe7 38.b4  1-0

[Event "SLO-ch (Women)"]
[Site "Ljubljana"]
[Date "1995.??.??"]
[Round "?"]
[White "Vospernik, Mira"]
[Black "Mihevc, Narcisa"]
[Result "1/2-1/2"]
[WhiteElo "2130"]
[BlackElo "2220"]

1.Nf3 Nf6 2.d4 g6 3.c4 Bg7 4.Nc3 d6 5.e4 O-O 6.Be2 e5 7.dxe5 dxe5 8.Qxd8 Rxd8
9.Bg5 Re8 10.Nd5 Nxd5 11.cxd5 Bg4 12.h3 Bxf3  1/2-1/2

[Event "EUCup f"]
[Site "Ljubljana"]
[Date "1995.??.??"]
[Round "3"]
[White "Cebalo, Miso"]
[Black "Tseitlin, Mark D"]
[Result "0-1"]
[WhiteElo "2515"]
[BlackElo "2545"]

1.Nf3 Nf6 2.c4 g6 3.Nc3 Bg7 4.e4 d6 5.d4 O-O 6.Be2 e5 7.O-O Na6 8.Be3 Ng4
9.Bg5 Qe8 10.dxe5 dxe5 11.h3 Nf6 12.Be3 b6 13.a3 Bb7 14.Qc2 Nh5 15.b4 Nf4
16.c5 Qe6 17.Rac1 bxc5 18.b5 Nb8 19.Rfd1 Nd7 20.Bf1 Rfd8 21.g3 Nxh3+ 22.Bxh3 Qxh3
23.Ng5 Qg4 24.Qa2 Rf8 25.Kg2 Nf6 26.f3 Qc8 27.Bxc5 Bh6 28.Be3 Bg7 29.Bc5 Bh6
30.Be3 Kg7 31.Na4 Bxg5 32.Bxg5 Nxe4 33.fxe4 Bxe4+ 34.Kh2 Qg4 35.Qd2 h6 36.Bxh6+ Kh7
37.Bxf8 Rxf8 38.Qe3 Kg7 39.Nc5 Qh3+ 40.Kxh3 Rh8+  0-1

[Event "EUCup f"]
[Site "Ljubljana"]
[Date "1995.??.??"]
[Round "3"]
[White "Huzman, Alexander"]
[Black "Kozul, Zdenko"]
[Result "1-0"]
[WhiteElo "2580"]
[BlackElo "2550"]

1.Nf3 Nf6 2.c4 g6 3.Nc3 Bg7 4.e4 d6 5.d4 O-O 6.Be2 e5 7.O-O Na6 8.Re1 Qe7
9.Bg5 c6 10.c5 h6 11.Bh4 g5 12.cxd6 Qxd6 13.Bg3 Nd7 14.Bxa6 bxa6 15.dxe5 Qg6
16.Qd6 Re8 17.Rad1 Nf8 18.Nd4 h5 19.h3 h4 20.Bh2 g4 21.Qxg6 Nxg6 22.hxg4 Bxg4
23.f3 Bd7 24.Nf5 Be6 25.f4 Bc8 26.Rd6 Bf8 27.Rxc6 Bxf5 28.exf5 Ne7 29.Rf6 Bg7
30.Ne4 Red8 31.Rxa6 Nxf5 32.Kf1 Rac8 33.Nd6 Nxd6 34.Rxd6 Re8 35.Red1 Bf8
36.R6d5 Rc4 37.R1d4 Rc2 38.Rd2 Rc4 39.b3 Rc6 40.f5 Rh6 41.Rd8  1-0

[Event "Ljubljana op"]
[Site "Ljubljana"]
[Date "1995.??.??"]
[Round "4"]
[White "Brumen, Dinko"]
[Black "Kozul, Zdenko"]
[Result "0-1"]
[WhiteElo "2335"]
[BlackElo "2580"]

1.d4 Nf6 2.c4 g6 3.Nc3 Bg7 4.e4 d6 5.Nf3 O-O 6.Be2 Na6 7.O-O e5 8.Be3 Qe7
9.d5 Nh5 10.Qd2 Nf4 11.Bxf4 exf4 12.Qxf4 Nc5 13.Qe3 Re8 14.Nd2 f5 15.exf5 Bxf5
16.Qxe7 Rxe7 17.Bf3 Rae8 18.Nb3 Nd3 19.Nd1 Bd7 20.Rb1 b6 21.Nc1 Ne1 22.Ne3 Nxf3+
23.gxf3 Rf7 24.Nd3 Rxf3 25.Ne1 Rf7 26.N1g2 Bh3 27.Rfe1 a5 28.Re2 Bd4 29.Rd2 Bc5
30.a3 a4 31.Re1 Re4 32.Rc2 h5 33.Rc3 h4 34.Rcc1 g5 35.Rc2 Kf8 36.Ree2 Rfe7
37.Red2 Bc8 38.Nf1 Bh3 39.Nfe3 Bxg2 40.Nxg2 h3 41.Ne3 Rg4+ 42.Kf1 Bxe3 43.fxe3 Rxe3
44.Rc1 Kg7 45.Rdc2 Kg6 46.Rf2 Rd4 47.Rfc2 Rf4+ 48.Kg1 Kf5 49.Rf2 Rxf2 50.Kxf2 Rb3
51.Rc2 g4 52.Re2 Kf4 53.Rd2 Rf3+ 54.Ke2 Ke4 55.Rd1 Rb3 56.Rd2 g3 57.Kf1 g2+
58.Kg1 Rd3 59.Re2+ Re3  0-1

[Event "Ljubljana op"]
[Site "Ljubljana"]
[Date "1995.??.??"]
[Round "8"]
[White "Brumen, Dinko"]
[Black "Markun, Bostjan"]
[Result "1-0"]
[WhiteElo "2335"]
[BlackElo "2285"]

1.d4 Nf6 2.c4 g6 3.Nc3 Bg7 4.e4 d6 5.Nf3 O-O 6.Be2 e5 7.dxe5 dxe5 8.Qxd8 Rxd8
9.Bg5 Re8 10.Nd5 Nxd5 11.cxd5 c6 12.Bc4 cxd5 13.Bxd5 Nd7 14.Rc1 Nb6 15.Bb3 Be6
16.Bxe6 Rxe6 17.Rc7 Rb8 18.Ke2 Bf8 19.Be3 f6 20.Rhc1 Re7 21.g4 Rxc7 22.Rxc7 Bd6
23.Bxb6 Bxc7 24.Bxc7 Rc8 25.Bd6 Rc2+ 26.Ke3 Rxb2 27.g5 f5 28.Bxe5 Rxa2 29.exf5 gxf5
30.h4 Kf7 31.h5 Ra4 32.g6+ hxg6 33.Ng5+ Kg8 34.h6 Rh4 35.h7+ Rxh7 36.Nxh7 Kxh7
37.Kf4 Kh6 38.Bc3 Kh5 39.f3 Kh4 40.Bd2 Kh5 41.Be1 b5 42.Ke5 Kg5 43.Bd2+ Kh4
44.Kf4 Kh5 45.Be1 Kh6 46.Bb4 Kh5 47.Ke5 Kh4 48.Kf4 Kh5 49.Bd2 Kh4 50.Ba5 Kh5
51.Bb4 Kh4 52.Bc3 Kh5 53.Ke5 Kg5 54.Be1 Kh5 55.Kf6 Kh6 56.Bb4 Kh5 57.Bd2 a6
58.Be1 f4 59.Ke5 g5 60.Kf5 Kh6 61.Ba5 Kh5 62.Bd8 b4 63.Bxg5 b3 64.Bf6 a5
65.Bb2  1-0

[Event "ESP-chJ"]
[Site "Los Barrios"]
[Date "1995.??.??"]
[Round "1"]
[White "Fernandez, F."]
[Black "Baron, J."]
[Result "0-1"]
[WhiteElo "2000"]
[BlackElo "2245"]

1.Nf3 Nf6 2.c4 g6 3.Nc3 Bg7 4.d4 O-O 5.e4 d6 6.Be2 e5 7.d5 a5 8.h3 Na6 9.Be3 Qe8
10.Nd2 Nd7 11.Nb3 Ndc5 12.Nxa5 f5 13.Nb3 Nxe4 14.Nxe4 fxe4 15.O-O Bd7 16.Qb1 Nb4
17.a3 Nd3 18.Bxd3 exd3 19.Qxd3 Bf5 20.Qc3 Qd7 21.Nc1 Bxh3 22.gxh3 Qxh3 23.Ne2 e4
24.Qc2 Be5 25.Ng3 Bxg3 26.fxg3 Qxg3+ 27.Kh1 Qh3+ 28.Kg1 Qxe3+ 29.Kh1 Rf3
30.Rxf3 Qxf3+ 31.Qg2 Re8 32.Rf1 Qxg2+ 33.Kxg2 e3 34.Re1 e2 35.b4 Kf7 36.Kf3 Re5
37.a4 Ke7 38.a5 Kd7 39.b5 g5  0-1

[Event "ESP-chJ"]
[Site "Los Barrios"]
[Date "1995.??.??"]
[Round "6"]
[White "Baron, J."]
[Black "Portugues, R."]
[Result "1-0"]
[WhiteElo "2245"]
[BlackElo "2145"]

1.d4 Nf6 2.Nf3 g6 3.c4 Bg7 4.Nc3 O-O 5.e4 d6 6.Be2 e5 7.O-O Nbd7 8.Re1 Re8
9.Bf1 c6 10.Rb1 Ng4 11.d5 c5 12.h3 Nh6 13.a3 f5 14.exf5 Nxf5 15.Ng5 Nf6 16.b4 b6
17.Nge4 Nxe4 18.Nxe4 Rf8 19.Bg5 Qc7 20.Rb2 Nd4 21.Be3 Bf5 22.Bxd4 cxd4 23.Qd2 Qd8
24.Rb3 Rf7 25.Ng5 Bh6 26.h4 Qf6 27.f4 Re7 28.fxe5 dxe5 29.c5 e4 30.Qf4 d3
31.d6 Qd4+ 32.Kh1 Qd5 33.Rxd3 exd3 34.dxe7 Re8 35.cxb6 axb6 36.Re5 Qd7 37.Qc4+ Kh8
38.Qf7 Bxg5 39.Qf8+  1-0

[Event "POL-chT"]
[Site "Lubniewice"]
[Date "1995.??.??"]
[Round "3"]
[White "Szymczak, Zbigniew"]
[Black "Nowak, Ignacy"]
[Result "1/2-1/2"]
[WhiteElo "2345"]
[BlackElo "2400"]

1.d4 Nf6 2.c4 g6 3.Nf3 Bg7 4.Nc3 O-O 5.e4 d6 6.Be2 e5 7.d5 a5 8.h3 Na6 9.Bg5 Bd7
10.Nd2 h6 11.Be3 Nh7 12.g4 Re8 13.h4 Bf6 14.h5 Bg5 15.hxg6 fxg6 16.Bxg5 Nxg5
17.Rxh6 Kg7 18.Rh2 Qf6 19.Nf1 Rh8 20.Rxh8 Rxh8 21.Qd2 Nc5 22.Qe3 Rh3 23.Ng3 Qf4
24.Nd1 Ngxe4 25.Nf5+ gxf5  1/2-1/2

[Event "POL-chT"]
[Site "Lubniewice"]
[Date "1995.??.??"]
[Round "4"]
[White "Chekhov, Valery A"]
[Black "Kempinski, Robert"]
[Result "1-0"]
[WhiteElo "2500"]
[BlackElo "2455"]

1.d4 Nf6 2.c4 g6 3.Nc3 Bg7 4.e4 d6 5.Be2 O-O 6.Nf3 e5 7.O-O Na6 8.Be3 Ng4
9.Bg5 Qe8 10.dxe5 dxe5 11.Nd2 Nf6 12.Nd5 Qe6 13.b4 c6 14.Bxf6 Bxf6 15.b5 cxd5
16.cxd5 Qe7 17.bxa6 bxa6 18.Qa4 Bg5 19.Nc4 Rb8 20.Rab1 Rxb1 21.Rxb1 f5 22.d6 Qe6
23.Rd1 Bd7 24.Qxa6 fxe4 25.Qxa7 Qf5 26.Rf1 Be6 27.a4 Bxc4 28.Bxc4+ Kh8 29.d7 Qf4
30.g3 Qf6 31.Qc5 h5 32.a5 Bd2 33.a6 Bc3 34.Bf7 Qxf7 35.Qxc3 Qxd7 36.Qxe5+ Kh7
37.Qxe4 Rf7 38.Ra1 Qd2 39.Qe3 Qb2 40.Ra3 Rxf2 41.Rb3 Rg2+ 42.Kf1 Rf2+ 43.Ke1 Re2+
44.Qxe2 Qxb3 45.Qe7+ Kh6 46.a7 Qc3+ 47.Kf2 Qc2+ 48.Kf3 Qd1+ 49.Qe2 Qd5+ 50.Qe4 Qd1+
51.Kf2 Qd2+ 52.Qe2 Qd8 53.Qe3+ Kh7 54.Ke2 Qc8 55.Qe7+ Kh6 56.Kd2 Qa8 57.Qc5 Qg2+
58.Kc3 Qf3+ 59.Kb4 Qe4+ 60.Ka5 Qe1+ 61.Kb6 Qe6+ 62.Kc7 Qf7+ 63.Kd8 Qg8+ 64.Ke7 Qa8
65.Qc1+ Kg7 66.Qc7 Qd5 67.h4 Qa8 68.Kd6+ Kh6 69.Qb8  1-0

[Event "POL-chT"]
[Site "Lubniewice"]
[Date "1995.??.??"]
[Round "8"]
[White "Przewoznik, Jan"]
[Black "Ciruk, Jerzy"]
[Result "1/2-1/2"]
[WhiteElo "2390"]
[BlackElo "2230"]

1.Nf3 g6 2.c4 Bg7 3.Nc3 d6 4.e4 Nf6 5.d4 O-O 6.Be2 e5 7.Be3 Ng4 8.Bg5 f6
9.Bc1 Nc6 10.d5 Ne7 11.Nd2 Nh6 12.h4 f5 13.h5 f4 14.g4 Nf7 15.b4 Bd7 16.c5 Bf6
17.Nc4 Kg7 18.a4 Ng8 19.Ba3 Be7 20.Na5 Bc8 21.c6 b6 22.hxg6 hxg6 23.Nb3 a6
24.a5 b5 25.Qd3 Ng5 26.f3 Nf6 27.Nd2 Rh8 28.O-O-O Qg8 29.Kb2 Rh7 30.Qb1 Kf7
31.Rxh7+ Qxh7 32.Rh1 Qg8 33.Rh2 Nfh7 34.Qh1 Bf6 35.Kc2 Bg7 36.Bxb5 axb5 37.Nxb5 Qd8
38.Rxh7 Nxh7 39.Qxh7 Ba6 40.Nc3 Qb8 41.Qh2 Qa7 42.Qg2 Rb8 43.Nb3 Qe3 44.Nd2 Bd3+
45.Kb3 Bf6 46.g5 Bxg5 47.Nc4 Qd4 48.Nb2 Bh4 49.Nxd3 Qxd3 50.Qh1 Bd8 51.Qg1 Ra8
52.Qg4 Kg7 53.Bb2 Rb8 54.Qh3 Qa6 55.Qd7+ Kh6 56.Qh3+ Kg5 57.Qg4+ Kh6 58.Qh3+ Kg5
59.Qg4+  1/2-1/2